00457nam a22001457a 450000500170000000800410001702000150005804100130007308200130008610000130009924500820011226000580019430000330025265000260028520240123063608.0240123b |||||||| |||| 00| 0 eng d a0409004049 aEnglish  a349 JOU  lEnglish  aThe Law of South Africa : Cumulative Supplement 1981 / cedited by JA Faris  aDurban : bButterworth and Company (Pty) Ltd, c1981  bxii, 359 pages ; c26,5 cm.  aLegal practice bLaw